000 01095nam0a2200337 4500
001 RU\NLR\BIBL_A\022515537
005 20250626112714.0
010 _a978-5-04-194645-6
_93000
021 _aRU
_bКН-П-25-006907
_9КН-П-25-0679
035 _a(NLR Aleph) 022515537
090 _a13428631
_c13428631
100 _a20250408d2025 u y0rusy50 ca
101 0 _arus
102 _aRU
105 _aa|||z|||000ay
181 0 _ai3
_baxxe
181 0 _ai1
_bxb2e
182 0 _an
200 1 _aПо ту сторону огня
_fЕва Вишнева
203 _aТекст
_aИзображение
_bвизуальные
_cнепосредственные
210 _aМосква
_cЭксмо, Freedom
_d2025 (печ. 2024)
215 _a443, [2] с.
_cил.
_d20
225 1 _aYoung adult
_iМолодежное российское фэнтези
333 _a16+
686 0 _aШ9(2)62=Р7-4
700 1 _aВишнева
_bЕ.
_gЕва
942 _cBOOK
980 _aNB